Comprensión del medio natural, social y cultural. 4§ año básico. Guía didáctica para el profesor
Guardat en:
| Autors principals: | , , |
|---|---|
| Format: | Llibre |
| Idioma: | espanyol |
| Publicat: |
Santiago
SM
2007
|
| Matèries: | |
| Etiquetes: |
Afegir etiqueta
Sense etiquetes, Sigues el primer a etiquetar aquest registre!
|
MARC
| LEADER | 00000nam a2200000 a 4500 | ||
|---|---|---|---|
| 001 | UCI5613 | ||
| 003 | CL-VaPUC | ||
| 008 | 080404e20070000CL |||||||||||||||||spa|d | ||
| 020 | |a 9789562644587 | ||
| 082 | 0 | 4 | |a 372.357 |b CAR |2 21 |
| 100 | 0 | |a Carrasco Zavala, Marcela |e author |9 528134 | |
| 700 | 0 | |a Olesen Díaz, Margarita |e author |9 528135 | |
| 700 | 0 | |a Rodríguez Terrazas, Ignacio |e author |9 528136 | |
| 245 | 1 | 0 | |a Comprensión del medio natural, social y cultural. 4§ año básico. Guía didáctica para el profesor |
| 300 | |a 112+192 p | ||
| 942 | |c BK | ||
| 945 | |d 20080404 00:00:00 |a rbrito | ||
| 260 | |a Santiago |b SM |c 2007 | ||
| 650 | 0 | |a Enseñanza de las ciencias |9 331919 | |
| 650 | 0 | |a Métodos de enseñanza |9 270413 | |
| 650 | 0 | |a Educación básica |9 224933 | |
| 650 | 0 | |a Ciencias naturales |9 260542 | |
| 583 | |a last modification |c 20080404 00:00:00 |k Rodrigo Vera | ||
| 999 | |c 329353 |d 329351 | ||
| 952 | |0 0 |1 0 |4 0 |6 372_357000000000000_CAR_2007 |7 0 |8 P |9 413876 |a BIBEDU |b BIBEDU |c BIBEDU_PB |d 2019-11-22 |i 4421701 |o 372.357 CAR 2007 |p 4421701 |r 2024-01-25 |w 2019-11-22 |y BK |k EDU | ||
| 952 | |0 0 |1 0 |4 0 |6 372_357000000000000_CAR_2007 |7 0 |8 P |9 413879 |a BIBEDU |b BIBEDU |c BIBEDU_PB |d 2019-11-22 |i 446107K |o 372.357 CAR 2007 |p 446107K |r 2024-01-25 |w 2019-11-22 |y BK |k EDU | ||